Find the European Union Members Quiz Stats

Quiz Updated Sep 30, 2016

Challenge
Share
Tweet
Score 0/28 Timer 05:00
22 Plays Today
% Correct
United Kingdom
95.7%
Italy
95.6%
France
95.2%
Spain
94.9%
Ireland
94.8%
Germany
94.6%
Portugal
94.5%
Greece
94%
Sweden
93.6%
Poland
92.6%
Finland
91.9%
Denmark
90.9%
Belgium
90.6%
Netherlands
90.4%
% Correct
Cyprus
88.7%
Luxembourg
88.3%
Austria
85.9%
Croatia
85.3%
Romania
85.1%
Estonia
82.7%
Czechia
82.5%
Lithuania
81.8%
Latvia
81.3%
Slovakia
80.3%
Hungary
79.9%
Bulgaria
79%
Malta
77.8%
Slovenia
76.5%

You're not logged in!

Compare scores with friends on all Sporcle quizzes.
Sign Up with Email
OR
Log In

You Might Also Like...

Show Comments

Extras

Top Quizzes Today


Score Distribution

Your Account Isn't Verified!

In order to create a playlist on Sporcle, you need to verify the email address you used during registration. Go to your Sporcle Settings to finish the process.